00856 2200277 4500001002100000005001700021008004100038020001800079035002400097082001000121090001700131100001800148245019000166250001200356260003100368300001800399500004600417650000800463700002700471700001500498850001500513980001400528985000600542999001500548999001500563YOGYA-0209000003382020090227024827.0 ind  a979-561-203-4 0010-020900000033820 a297.6 a297.6bMab T aMABRUK, Leila aTentang rohbperjalanan bersama roh dialam lain Ibnul Qoyyimcpembahasan dan komentar Leila Mabruk ; penerjemah, abu Abdillah Almansur ; penyunting, E. Zarkasi ; ilustrasi, Edo Abdullah aCet. 11 aJakartabGema Insanic1997 a33 hlmc18 cm aJudulasli : Muhtasor Arruh Liibnil Qoyyim aRoh aAlmansur, Abu Abdillah aZarkasi, E aYOPDYOG(B) a25-9-2006 a2 a98P0107390 a98P1007391